FORD PASSENGER CARE SERVICE HITERATURE (Record no. 579354)

000 -LEADER
fixed length control field 00222nam a22000977a 4500
082 ## - DEWEY DECIMAL CLASSIFICATION NUMBER
Classification number 629.2222 FOR'D
245 ## - TITLE STATEMENT
Title FORD PASSENGER CARE SERVICE HITERATURE
260 ## - PUBLICATION, DISTRIBUTION, ETC.
Place of publication, distribution, etc. ENGLAND
Name of publisher, distributor, etc. FORD
Date of publication, distribution, etc. 1967
300 ## - PHYSICAL DESCRIPTION
Extent V.P ILL
942 ## - ADDED ENTRY ELEMENTS (KOHA)
Koha item type Book
Holdings
Withdrawn status Lost status Damaged status Not for loan Permanent Location Current Location Shelving location Date acquired Total Checkouts Full call number Barcode Date last seen Price effective from Koha item type
        College of Electrical & Mechanical Engineering (CEME) College of Electrical & Mechanical Engineering (CEME) General Stacks 04/20/2017   629.2222 FOR'D CEME-16508 06/28/2021 06/28/2021 Book
© 2023 Central Library, National University of Sciences and Technology. All Rights Reserved.